| 000 | 00361nam a2200145Ia 4500 | ||
|---|---|---|---|
| 008 | 230917s9999||||xx |||||||||||||| ||und|| | ||
| 040 |
_e160274 _aMAIN |
||
| 041 | _aEnglish | ||
| 082 | _a642 B458N | ||
| 100 | _aBerkoff, Nancy | ||
| 245 | 0 | _aNutrition for the culinary arts | |
| 260 |
_aNew Delhi _bPearson Education _c2005 |
||
| 300 | _a377 p. | ||
| 942 | _cBK | ||
| 999 |
_c143500 _d143500 |
||